ბათუმის შოთა რუსთაველის სახელმწიფო უნივერსიტეტის ბიბლიოთეკა

ჩანაწერი Personal Name

ჩანაწერთა რაოდენობა, რომელიც გამოყენებულია: 3

001 - CONTROL NUMBER

  • control field: 10666

003 - CONTROL NUMBER IDENTIFIER

  • control field: GE_BSU

005 - DATE AND TIME OF LATEST TRANSACTION

  • control field: 20210323130646.0

008 - FIXED-LENGTH DATA ELEMENTS

  • fixed length control field: 210323|| aca||aabn | a|a d

040 ## - CATALOGING SOURCE

  • Original cataloging agency: GE_BSU
  • Transcribing agency: GE_BSU

100 ## - HEADING--PERSONAL NAME

  • Personal name: ჯაფარიძე, თ.
  • Relator term: მეცნ. ხელმძღვანელი

670 ## - SOURCE DATA FOUND

  • Source citation: Work cat.: (GE_BSU)51986: გორჯელაძე, ი. 10665, რემარკის როლი და ფუნქცია ინგლისურენოვან მოდერნისტულ დრამაში /